000 01053nmc a2200385 a 4500
003 AR-BaBNM
005 20251128205711.0
008 018019s1986 ||||||||||||||000 | spa||
020 _a84-277-0708-8
040 _cAR-BaBNM
100 1 _aMartínez Muñiz, Baudilio
245 1 0 _aLa ayuda psicopedagógica
_bcompensatoria de carencias ambientales
260 _aMadrid
_bNarcea
_c1986
300 0 _a117 p.
490 0 _aEducación hoy
504 _aBibliografía: p. 117
600 1 4 _aPiaget, Jean
600 1 4 _aLorenz, Konrard
600 1 4 _aErikson, Erik Homburger
650 4 _aNINOS SOCIALMENTE DESFAVORECIDOS
650 4 _aINFANCIA
650 4 _aADOLESCENCIA
650 4 _aDESFAVORECIDOS SOCIALES
650 4 _aSOLUCION DE PROBLEMAS
650 4 _aRELACION ALUMNO-DOCENTE
650 4 _aAYUDA A LA INFANCIA
650 4 _aMEDIOS DE ENSENANZA
650 4 _aDESIGUALDAD SOCIAL
650 4 _aFAMILIA
650 4 _aAPRENDIZAJE
653 0 _aPSICOPEDAGOGIA
653 0 _aFRACASO ESCOLAR
942 _cBK
998 _carturo
999 _c12459
_d12459